|
|
|
|
| LEADER |
00000ny a22000003n 4500 |
| 005 |
20110511111551.0 |
| 008 |
780801c19779999cautr1p s ogv 0 a0eng d |
| 022 |
0 |
|
|a 0163-7606
|
| 035 |
|
|
|a 2893
|
| 040 |
|
|
|a ICharE
|c ICharE
|d vLex
|
| 090 |
|
|
|c 1629
|d 1629
|
| 245 |
0 |
0 |
|a Federal communications law journal
|h [Recurso electrn̤ico]
|
| 256 |
|
|
|a Servicio en ln̕ea
|
| 260 |
|
|
|a Los Angeles :
|b UCLA School of Law and the Federal Communications Bar Association
|
| 506 |
1 |
|
|a Contenido solo disponible en los productos indicados
|d vLex Global
|d vLex Global (Academic Edition, excluding Law Schools)
|d vLex Global (Academic Edition, Law Schools)
|
| 650 |
0 |
4 |
|a Telecomunicaciones
|x Derecho
|x Publicaciones perid̤icas.
|
| 650 |
0 |
4 |
|a Law
|
| 650 |
0 |
4 |
|a Mass communications
|
| 710 |
2 |
|
|a Federal Communications Bar Association (U.S.)
|
| 710 |
2 |
|
|a University of California, Los Angeles.
|b School of Law
|
| 740 |
|
|
|a vLex Revista (Servicios en ln̕ea)
|
| 780 |
0 |
0 |
|t Federal communications bar journal
|
| 843 |
|
|
|a Electrn̤ica. Abierta
|
| 853 |
|
|
|8 1
|i (year)
|j (month)
|k (day)
|
| 856 |
4 |
0 |
|u http://vlex.com/source/2893
|z Acceso restringido
|
| 942 |
|
|
|c REV
|